| 000 | 01361cam a22003374a 4500 | ||
|---|---|---|---|
| 001 | 14617421 | ||
| 003 | NUST - PNEC | ||
| 005 | 20170116181154.0 | ||
| 008 | 061031s2007 njua b 001 0 eng | ||
| 010 | _a 2006285305 | ||
| 020 | _a9780470007945 (pbk. : alk. paper) | ||
| 020 | _a047000794X (pbk. : alk. paper) | ||
| 040 |
_aDLC _cLIBRARY _dDLC |
||
| 050 | 0 | 0 |
_aHF5549 _b.D396 2007 |
| 082 | _a658.3 DEC | ||
| 100 | 1 |
_aMathis robert l. _915708 |
|
| 245 | 1 | 0 |
_aFundamentals of human resource management / _cRobert l. mahhis |
| 246 | 3 | 0 | _aHuman resource management |
| 250 | _a10th ed. | ||
| 260 |
_b, _cc2003. |
||
| 300 |
_axxv, 650 p. : _bcol. ill. ; _c28 cm. |
||
| 504 | _aIncludes bibliographical references (p. 403-428) and indexes. | ||
| 650 | 0 |
_aPersonnel management. _xManagement information system |
|
| 700 | 1 |
_aRobbins, Stephen P., _d1943- |
|
| 856 | 4 | 2 |
_3Contributor biographical information _uhttp://www.loc.gov/catdir/enhancements/fy0814/2006285305-b.html |
| 856 | 4 | 2 |
_3Publisher description _uhttp://www.loc.gov/catdir/enhancements/fy0814/2006285305-d.html |
| 856 | 4 | 1 |
_3Table of contents only _uhttp://www.loc.gov/catdir/enhancements/fy0814/2006285305-t.html |
| 906 |
_a7 _bcbc _corigcop _d3 _encip _f20 _gy-gencatlg |
||
| 942 |
_2ddc _cBK |
||
| 999 |
_c71094 _d71094 |
||